00365nam a2200133Ia 4500008004100000020001800041082001600059100001800075245006100093250001100154260004200165300000800207650001600215191201s2012 xx 000 0 und d a9789357461306 a629.892 NII aNIKU, Saeed B 0aIntroduction to Robotics Analysis, Control, Applications a3rd Ed aN. DelhibWiley Dreautech Indiac2012 a466 aM.Tech (ME)